[Event "PMPJ 2022 - D15"]
[Site "Jastrzebia Gora"]
[Date "2022.11.10"]
[Round "7.2"]
[White "Zgoda, Aleksandra"]
[Black "Nowak, Zuzanna"]
[Result "0-1"]
[BlackElo "1354"]
[WhiteElo "1277"]
[LiveChessVersion "1.4.8"]

1. d4 {[%clk 1:30:58]} d5 {[%clk 1:30:55]} 2. Bf4 {[%clk 1:31:22]} Nf6
{[%clk 1:31:07]} 3. e3 {[%clk 1:31:41]} e6 {[%clk 1:31:29]} 4. Nf3
{[%clk 1:31:58]} c5 {[%clk 1:31:54]} 5. c3 {[%clk 1:31:47]} Nc6 {[%clk 1:32:16]}
6. Nbd2 {[%clk 1:31:22]} Bd6 {[%clk 1:32:20]} 7. Bg3 {[%clk 1:31:15]} b6
{[%clk 1:31:13]} 8. Bd3 {[%clk 1:30:14]} Qc7 {[%clk 1:30:41]} 9. Bh4
{[%clk 1:22:39]} e5 {[%clk 1:27:10]} 10. dxe5 {[%clk 1:21:03]} Nxe5
{[%clk 1:26:41]} 11. Nxe5 {[%clk 1:19:37]} Bxe5 {[%clk 1:27:09]} 12. f4
{[%clk 1:18:12]} Bd6 {[%clk 1:27:36]} 13. Bxf6 {[%clk 1:17:41]} gxf6
{[%clk 1:28:05]} 14. Qf3 {[%clk 1:13:50]} Bb7 {[%clk 1:25:53]} 15. Bb5+ Ke7
{[%clk 1:21:54]} 16. Qe2 {[%clk 1:09:06]} a6 {[%clk 1:19:32]} 17. Bd3
{[%clk 1:07:58]} c4 {[%clk 1:18:13]} 18. Bf5 {[%clk 1:06:30]} Rae8
{[%clk 1:18:25]} 19. O-O {[%clk 1:02:49]} Kd8 {[%clk 1:18:09]} 20. Qf2
{[%clk 0:59:46]} Qc5 {[%clk 1:17:01]} 21. Rfe1 {[%clk 0:58:23]} d4
{[%clk 1:16:17]} 22. e4 {[%clk 0:53:32]} dxc3 {[%clk 1:13:43]} 23. bxc3
{[%clk 0:52:06]} Qc7 {[%clk 0:58:15]} 24. Qd4 {[%clk 0:44:36]} Ke7
{[%clk 0:56:30]} 25. Qxc4 {[%clk 0:41:04]} Bc5+ {[%clk 0:56:01]} 26. Kh1
{[%clk 0:40:11]} Qxf4 {[%clk 0:54:38]} 27. Rad1 {[%clk 0:39:08]} Rd8
{[%clk 0:43:02]} 28. Rf1 {[%clk 0:34:08]} Qh6 {[%clk 0:37:49]} 29. Nf3
{[%clk 0:32:49]} Rxd1 {[%clk 0:37:19]} 30. Rxd1 {[%clk 0:33:10]} Rd8
{[%clk 0:37:39]} 31. Nd4 {[%clk 0:20:51]} Bd6 {[%clk 0:27:57]} 32. h3
{[%clk 0:20:07]} Qf4 {[%clk 0:27:38]} 33. Nf3 {[%clk 0:19:52]} Rg8
{[%clk 0:24:29]} 34. Qe2 {[%clk 0:16:28]} Rg3 {[%clk 0:21:08]} 35. Bxh7
{[%clk 0:14:54]} Rxf3 {[%clk 0:21:14]} 36. gxf3 {[%clk 0:15:12]} Qg3
{[%clk 0:20:51]} 37. Bf5 {[%clk 0:15:09]} Bc6 {[%clk 0:20:50]} 38. Qg2
{[%clk 0:12:11]} Qe5 {[%clk 0:21:03]} 39. c4 {[%clk 0:11:49]} Qf4
{[%clk 0:14:26]} 40. Bc8 {[%clk 0:09:41]} a5 {[%clk 0:14:32]} 41. Rb1
{[%clk 0:08:27]} Bc5 {[%clk 0:14:44]} 42. Qg4 {[%clk 0:07:16]} Qd2
{[%clk 0:13:19]} 43. Qg2 {[%clk 0:06:37]} Qf4 {[%clk 0:13:46]} 44. Qg4
{[%clk 0:07:01]} Qd2 {[%clk 0:14:06]} 45. Qg2 {[%clk 0:07:28]} Qf4
{[%clk 0:14:26]} 46. Rd1 {[%clk 0:06:46]} Qh4 {[%clk 0:10:59]} 47. Qg4
{[%clk 0:05:46]} Qf2 {[%clk 0:11:27]} 48. Qg2 {[%clk 0:03:36]} Qh4
{[%clk 0:11:39]} 49. Bg4 {[%clk 0:03:58]} Bd6 {[%clk 0:11:11]} 50. Qd2
{[%clk 0:03:44]} Qg3 {[%clk 0:11:27]} 51. Rg1 {[%clk 0:02:43]} Qe5
{[%clk 0:11:20]} 52. h4 {[%clk 0:02:11]} Bc5 {[%clk 0:09:40]} 53. Rd1
{[%clk 0:02:32]} Bd6 {[%clk 0:10:09]} 54. h5 {[%clk 0:02:24]} Ba4
{[%clk 0:09:16]} 55. Rb1 {[%clk 0:01:42]} Bb4 {[%clk 0:09:14]} 56. Qd5
{[%clk 0:01:25]} Qg3 {[%clk 0:08:06]} 57. Rg1 {[%clk 0:01:42]} Qh4+
{[%clk 0:07:58]} 58. Kg2 {[%clk 0:02:11]} Bc5 {[%clk 0:08:09]} 59. Rf1
{[%clk 0:02:08]} Bd6 {[%clk 0:07:49]} 60. Rh1 {[%clk 0:01:12]} Qg3+
{[%clk 0:08:02]} 61. Kf1 {[%clk 0:01:41]} Bb4 {[%clk 0:05:48]} 62. Qd3
{[%clk 0:01:38]} Bc5 {[%clk 0:05:47]} 63. Qe2 {[%clk 0:01:51]} b5
{[%clk 0:05:32]} 64. Qd2 {[%clk 0:00:38]} bxc4 {[%clk 0:05:25]} 65. h6
{[%clk 0:00:33]} c3 {[%clk 0:05:37]} 66. Qg2 {[%clk 0:00:35]} Bb5+
{[%clk 0:05:58]} 0-1

[Event "PMPJ 2022 - D15"]
[Site "Jastrzebia Gora"]
[Date "2022.11.10"]
[Round "7.3"]
[White "Pniewska, Beata"]
[Black "Makarec, Anna"]
[Result "1-0"]
[BlackElo "1316"]
[WhiteElo "1353"]
[LiveChessVersion "1.4.8"]

1. c4 e6 {[%clk 1:30:45]} 2. g3 {[%clk 1:31:08]} Nf6 {[%clk 1:31:03]} 3. Bg2
{[%clk 1:31:08]} d5 {[%clk 1:31:14]} 4. Nf3 {[%clk 1:31:01]} Be7 {[%clk 1:30:42]}
5. d4 {[%clk 1:28:00]} dxc4 {[%clk 1:26:23]} 6. Qa4+ {[%clk 1:26:49]} Bd7
{[%clk 1:25:56]} 7. Qxc4 {[%clk 1:26:14]} Bc6 {[%clk 1:19:29]} 8. Nc3
{[%clk 1:23:51]} Nbd7 {[%clk 1:18:43]} 9. O-O {[%clk 1:23:10]} O-O
{[%clk 1:18:03]} 10. Rd1 {[%clk 1:18:11]} Nb6 {[%clk 1:17:25]} 11. Qd3
{[%clk 1:17:38]} Nbd5 {[%clk 1:15:43]} 12. Ne5 {[%clk 1:14:10]} Nxc3 13. Nxc6
{[%clk 1:11:52]} Nxe2+ {[%clk 1:08:15]} 14. Qxe2 {[%clk 1:11:49]} bxc6
{[%clk 1:08:29]} 15. Bxc6 {[%clk 1:11:17]} Rb8 {[%clk 1:08:44]} 16. Bf4
{[%clk 1:03:55]} Rb6 {[%clk 1:07:30]} 17. Rac1 {[%clk 1:01:59]} Bd6
{[%clk 1:06:22]} 18. Be5 {[%clk 1:00:55]} Qe7 {[%clk 1:00:37]} 19. b3
{[%clk 0:59:56]} Nd7 {[%clk 0:59:50]} 20. Be4 {[%clk 0:55:38]} h6
{[%clk 0:53:14]} 21. Bxd6 {[%clk 0:51:49]} cxd6 {[%clk 0:53:29]} 22. Rc7
{[%clk 0:51:47]} Qd8 {[%clk 0:50:44]} 23. Rxa7 {[%clk 0:51:42]} d5
{[%clk 0:50:54]} 24. Bc2 {[%clk 0:51:00]} Nf6 {[%clk 0:51:09]} 25. Rc1
{[%clk 0:49:27]} Qb8 {[%clk 0:50:52]} 26. Rc7 {[%clk 0:48:17]} Rb7
{[%clk 0:51:00]} 27. Rc3 {[%clk 0:47:52]} Qa7 {[%clk 0:51:14]} 28. Qd2
{[%clk 0:46:28]} Ra8 {[%clk 0:51:18]} 29. Bd3 {[%clk 0:44:59]} Kf8
{[%clk 0:46:27]} 30. Qf4 {[%clk 0:42:53]} Qb8 {[%clk 0:37:21]} 31. Rc7
{[%clk 0:40:25]} Rxc7 {[%clk 0:36:17]} 32. Rxc7 {[%clk 0:40:24]} Qb6
{[%clk 0:36:10]} 33. Rc2 {[%clk 0:35:52]} Qb4 {[%clk 0:32:33]} 34. Rc5
{[%clk 0:32:38]} Ne4 {[%clk 0:26:10]} 35. Bxe4 {[%clk 0:26:07]} Qe1+
{[%clk 0:26:23]} 36. Kg2 {[%clk 0:26:22]} Qxe4+ {[%clk 0:25:13]} 37. Qxe4
{[%clk 0:26:40]} dxe4 {[%clk 0:25:37]} 38. a4 {[%clk 0:26:51]} Rb8
{[%clk 0:25:44]} 39. Rc3 {[%clk 0:26:55]} Rb4 {[%clk 0:24:21]} 40. a5
{[%clk 0:25:32]} Rxd4 {[%clk 0:25:04]} 41. a6 {[%clk 0:25:36]} Rd7
{[%clk 0:24:07]} 42. b4 {[%clk 0:25:26]} Ke7 {[%clk 0:23:12]} 43. b5
{[%clk 0:25:28]} Ra7 {[%clk 0:23:29]} 44. Ra3 {[%clk 0:25:32]} Kd7
{[%clk 0:22:41]} 45. b6 {[%clk 0:25:54]} Ra8 {[%clk 0:23:03]} 46. b7
{[%clk 0:26:10]} Rb8 {[%clk 0:23:11]} 47. a7 {[%clk 0:26:32]} 1-0

[Event "PMPJ 2022 - D15"]
[Site "Jastrzebia Gora"]
[Date "2022.11.10"]
[Round "7.4"]
[White "Gajec, Roza"]
[Black "Bauer, Maja"]
[Result "1/2-1/2"]
[BlackElo "1300"]
[WhiteElo "1357"]
[LiveChessVersion "1.4.8"]

1. e4 {[%clk 1:30:58]} c5 {[%clk 1:30:52]} 2. Nf3 {[%clk 1:31:20]} d6
{[%clk 1:31:06]} 3. d4 {[%clk 1:31:29]} cxd4 {[%clk 1:31:20]} 4. Nxd4
{[%clk 1:31:49]} Nf6 {[%clk 1:31:36]} 5. Bd3 {[%clk 1:30:45]} g6 {[%clk 1:30:59]}
6. c4 {[%clk 1:30:37]} Bg7 {[%clk 1:30:04]} 7. Nc3 {[%clk 1:30:38]} O-O
{[%clk 1:29:37]} 8. O-O {[%clk 1:27:13]} Nc6 {[%clk 1:27:13]} 9. Nxc6
{[%clk 1:24:57]} bxc6 {[%clk 1:27:33]} 10. h3 {[%clk 1:23:38]} Be6
{[%clk 1:24:35]} 11. Qe2 {[%clk 1:18:00]} a5 {[%clk 1:12:58]} 12. Be3
{[%clk 1:16:57]} a4 {[%clk 1:06:41]} 13. f4 {[%clk 1:15:47]} a3 {[%clk 1:05:09]}
14. Rac1 {[%clk 1:14:25]} Qa5 {[%clk 1:00:25]} 15. b3 {[%clk 1:10:22]} Nd7
{[%clk 0:34:27]} 16. Bd2 {[%clk 1:07:41]} Nc5 {[%clk 0:26:42]} 17. Bb1
{[%clk 1:02:56]} Qa7 {[%clk 0:22:33]} 18. Kh1 {[%clk 1:01:44]} Rfd8
{[%clk 0:21:45]} 19. f5 {[%clk 1:00:44]} Bc8 {[%clk 0:21:26]} 20. Be3
{[%clk 0:58:47]} Qa5 {[%clk 0:20:45]} 21. Bd2 {[%clk 0:58:29]} Qa7
{[%clk 0:20:31]} 22. Be3 {[%clk 0:56:27]} Qa5 {[%clk 0:20:14]} 23. Bd2
{[%clk 0:50:30]} Qa7 {[%clk 0:19:45]} 24. Be3 {[%clk 0:50:18]} Qa5
{[%clk 0:19:44]} 1/2-1/2

[Event "PMPJ 2022 - D15"]
[Site "Jastrzebia Gora"]
[Date "2022.11.10"]
[Round "7.5"]
[White "Butkiewicz, Hanna"]
[Black "Kaczmarek, Paulina"]
[Result "1/2-1/2"]
[BlackElo "1331"]
[WhiteElo "1117"]
[LiveChessVersion "1.4.8"]

1. e4 {[%clk 1:30:30]} c5 {[%clk 1:30:30]} 2. Nf3 {[%clk 1:31:17]} d6
{[%clk 1:31:07]} 3. d4 {[%clk 1:31:41]} cxd4 {[%clk 1:31:32]} 4. Nxd4
{[%clk 1:32:05]} Nf6 {[%clk 1:31:56]} 5. Nc3 {[%clk 1:32:29]} g6 {[%clk 1:32:22]}
6. Be2 {[%clk 1:32:48]} Bg7 {[%clk 1:32:27]} 7. Nb3 {[%clk 1:33:10]} O-O
{[%clk 1:32:16]} 8. O-O {[%clk 1:33:30]} Be6 {[%clk 1:29:48]} 9. Be3
{[%clk 1:33:46]} Nc6 {[%clk 1:30:14]} 10. f4 {[%clk 1:34:00]} Qc8
{[%clk 1:30:31]} 11. Qd2 {[%clk 1:33:47]} Rd8 {[%clk 1:29:30]} 12. Bf3
{[%clk 1:33:12]} a6 {[%clk 1:23:26]} 13. Nd5 {[%clk 1:29:23]} Bxd5
{[%clk 1:20:59]} 14. exd5 {[%clk 1:29:40]} Nb8 {[%clk 1:19:54]} 15. a4
{[%clk 1:26:32]} Nbd7 {[%clk 1:19:21]} 16. Be2 {[%clk 1:25:23]} Ne4
{[%clk 1:18:07]} 17. Qc1 {[%clk 1:24:52]} Ndc5 {[%clk 1:17:10]} 18. Nxc5
{[%clk 1:24:27]} Nxc5 {[%clk 1:16:10]} 19. a5 {[%clk 1:20:22]} Qc7
{[%clk 1:11:26]} 20. Ra2 {[%clk 1:18:38]} Rdc8 {[%clk 1:06:30]} 21. f5
{[%clk 1:16:25]} Qd7 {[%clk 1:01:12]} 22. fxg6 {[%clk 1:16:13]} hxg6
{[%clk 1:00:56]} 23. Bh6 {[%clk 1:15:31]} e6 {[%clk 0:54:30]} 24. Bxg7
{[%clk 1:14:51]} Kxg7 {[%clk 0:54:52]} 25. Qf4 {[%clk 1:12:16]} Qe7
{[%clk 0:50:38]} 26. dxe6 {[%clk 1:11:43]} Nxe6 {[%clk 0:48:54]} 27. Qd2
{[%clk 1:11:23]} Rc7 {[%clk 0:47:16]} 28. Ra3 {[%clk 1:11:04]} Rac8
{[%clk 0:47:14]} 29. Rh3 {[%clk 1:10:39]} Qg5 {[%clk 0:44:13]} 30. Qxd6
{[%clk 1:08:36]} Rxc2 {[%clk 0:37:27]} 31. Qd7 {[%clk 1:04:34]} Rf8
{[%clk 0:31:21]} 32. Qd3 {[%clk 0:58:50]} Qd2 {[%clk 0:27:27]} 33. Qxd2
{[%clk 0:57:40]} Rxd2 {[%clk 0:27:52]} 34. Bc4 {[%clk 0:57:53]} Rxb2
{[%clk 0:20:49]} 35. Re3 {[%clk 0:56:36]} Nd8 {[%clk 0:19:41]} 36. Re7
{[%clk 0:55:57]} Rd2 {[%clk 0:16:45]} 37. Ra1 {[%clk 0:55:48]} Kh6
{[%clk 0:16:01]} 38. Be2 {[%clk 0:55:45]} Rb2 {[%clk 0:15:45]} 39. Bf3
{[%clk 0:55:57]} f5 {[%clk 0:15:11]} 40. Rd7 {[%clk 0:55:59]} Re8
{[%clk 0:14:12]} 41. Rad1 {[%clk 0:55:50]} Nc6 {[%clk 0:11:39]} 42. Rxb7
{[%clk 0:53:51]} Rc2 {[%clk 0:10:33]} 43. Rc7 {[%clk 0:52:34]} Re6
{[%clk 0:09:54]} 44. Rb1 {[%clk 0:51:06]} g5 {[%clk 0:06:45]} 45. Rxc6
{[%clk 0:51:17]} Rexc6 {[%clk 0:05:33]} 46. Bxc6 {[%clk 0:51:39]} Rc5
{[%clk 0:05:55]} 47. Bb7 {[%clk 0:51:07]} Rxa5 {[%clk 0:05:58]} 48. Rb6+
{[%clk 0:51:27]} Kh5 {[%clk 0:06:21]} 49. Bxa6 {[%clk 0:50:42]} Ra1+
{[%clk 0:06:36]} 50. Bf1 {[%clk 0:51:05]} f4 {[%clk 0:06:11]} 51. Kf2
{[%clk 0:51:14]} Ra3 {[%clk 0:04:59]} 52. Be2+ {[%clk 0:51:29]} g4
{[%clk 0:04:09]} 53. Rb5+ {[%clk 0:51:31]} Kh4 {[%clk 0:03:52]} 54. Rb4
{[%clk 0:51:42]} Kg5 {[%clk 0:04:01]} 55. Rd4 {[%clk 0:51:00]} Rb3
{[%clk 0:03:15]} 56. Rd3 {[%clk 0:51:20]} Rb5 {[%clk 0:03:05]} 57. Rd8
{[%clk 0:50:31]} Rb2 {[%clk 0:01:14]} 58. Rh8 {[%clk 0:50:36]} g3+
{[%clk 0:01:12]} 59. hxg3 {[%clk 0:50:46]} fxg3+ {[%clk 0:01:30]} 60. Ke1
{[%clk 0:51:06]} Kf4 {[%clk 0:01:43]} 61. Rh4+ {[%clk 0:50:43]} Ke3
{[%clk 0:01:55]} 62. Bf3 {[%clk 0:50:09]} Rb1+ {[%clk 0:01:21]} 63. Bd1
{[%clk 0:50:23]} Rb2 {[%clk 0:01:49]} 64. Bf3 {[%clk 0:49:32]} Rb1+
{[%clk 0:02:15]} 65. Bd1 {[%clk 0:49:56]} Rb2 {[%clk 0:02:42]} 66. Bf3
{[%clk 0:48:19]} 1/2-1/2

[Event "PMPJ 2022 - D15"]
[Site "Jastrzebia Gora"]
[Date "2022.11.10"]
[Round "7.6"]
[White "Domeradzka, Karolina"]
[Black "Lach, Alicja"]
[Result "1-0"]
[BlackElo "1281"]
[WhiteElo "1123"]
[LiveChessVersion "1.4.8"]

1. d4 {[%clk 1:30:57]} Nf6 {[%clk 1:30:56]} 2. c4 {[%clk 1:31:12]} c5
{[%clk 1:31:22]} 3. e3 {[%clk 1:30:54]} g6 {[%clk 1:31:40]} 4. Nf3
{[%clk 1:31:08]} Bg7 {[%clk 1:32:01]} 5. Be2 {[%clk 1:31:17]} cxd4
{[%clk 1:32:18]} 6. exd4 {[%clk 1:31:36]} O-O {[%clk 1:32:35]} 7. Nc3
{[%clk 1:31:20]} d5 {[%clk 1:33:05]} 8. O-O {[%clk 1:31:22]} Nc6 {[%clk 1:31:44]}
9. Be3 {[%clk 1:30:26]} dxc4 {[%clk 1:31:48]} 10. Bxc4 Na5 11. Bb3
{[%clk 1:29:06]} Bg4 {[%clk 1:27:15]} 12. Bc2 Nd5 13. h3 {[%clk 1:25:42]} Bxf3
{[%clk 1:15:59]} 14. Qxf3 {[%clk 1:25:42]} Nxe3 {[%clk 1:15:19]} 15. fxe3
{[%clk 1:25:38]} Nc4 {[%clk 1:15:18]} 16. Qe2 {[%clk 1:17:36]} Nxe3
{[%clk 1:12:23]} 17. Rf3 {[%clk 1:15:23]} Nxc2 {[%clk 1:10:42]} 18. Qxc2
{[%clk 1:15:48]} Qxd4+ {[%clk 1:08:58]} 19. Kh1 {[%clk 1:16:16]} e5
{[%clk 1:00:50]} 20. Rd1 {[%clk 0:47:14]} Qc4 {[%clk 0:48:37]} 21. Rd7
{[%clk 0:33:01]} Qc8 {[%clk 0:37:09]} 22. Qd3 {[%clk 0:32:14]} Qc6
{[%clk 0:22:11]} 23. Rf1 {[%clk 0:13:28]} Rae8 {[%clk 0:18:13]} 24. Qb5
{[%clk 0:09:13]} Qxb5 {[%clk 0:10:48]} 25. Nxb5 {[%clk 0:09:40]} a6
{[%clk 0:10:06]} 26. Nd6 {[%clk 0:08:45]} f5 {[%clk 0:09:39]} 27. Nxe8
{[%clk 0:08:58]} Rxe8 {[%clk 0:10:01]} 28. Rxb7 {[%clk 0:08:16]} e4
{[%clk 0:10:15]} 29. g3 {[%clk 0:07:45]} e3 {[%clk 0:09:26]} 30. Kg2
{[%clk 0:07:46]} Bh6 {[%clk 0:09:42]} 31. Re1 {[%clk 0:07:46]} Rd8
{[%clk 0:09:23]} 32. Re2 {[%clk 0:08:00]} Rd6 {[%clk 0:04:53]} 33. Kf3
{[%clk 0:07:45]} Re6 {[%clk 0:03:40]} 34. b4 {[%clk 0:07:23]} Re5
{[%clk 0:02:05]} 35. a4 {[%clk 0:07:34]} Re4 {[%clk 0:02:13]} 36. Rb6
{[%clk 0:07:47]} Kg7 {[%clk 0:02:33]} 37. b5 {[%clk 0:07:54]} Rxa4
{[%clk 0:02:48]} 38. bxa6 {[%clk 0:08:22]} g5 {[%clk 0:02:02]} 39. g4
{[%clk 0:08:31]} f4 {[%clk 0:02:11]} 40. Rc2 {[%clk 0:08:48]} 1-0

[Event "PMPJ 2022 - D15"]
[Site "Jastrzebia Gora"]
[Date "2022.11.10"]
[Round "7.7"]
[White "Idzior, Izabela"]
[Black "Para, Aleksandra"]
[Result "1-0"]
[BlackElo "1204"]
[WhiteElo "1172"]
[LiveChessVersion "1.4.8"]

1. e4 {[%clk 1:30:57]} e5 {[%clk 1:30:42]} 2. Nf3 {[%clk 1:31:21]} Nc6
{[%clk 1:30:40]} 3. Bc4 {[%clk 1:31:47]} h6 {[%clk 1:30:15]} 4. d3
{[%clk 1:31:00]} Nf6 {[%clk 1:30:33]} 5. Nbd2 {[%clk 1:28:38]} d6
{[%clk 1:30:33]} 6. c3 {[%clk 1:28:45]} Bg4 {[%clk 1:30:04]} 7. h3
{[%clk 1:26:49]} Bh5 {[%clk 1:29:55]} 8. Nf1 {[%clk 1:27:04]} a6 {[%clk 1:26:08]}
9. Bb3 {[%clk 1:22:48]} Qd7 {[%clk 1:23:26]} 10. Ng3 {[%clk 1:21:11]} Bg6
{[%clk 1:21:59]} 11. Nh4 Bh7 {[%clk 1:17:11]} 12. Qf3 {[%clk 1:15:54]} Qe7
{[%clk 1:04:03]} 13. Ngf5 {[%clk 1:13:25]} Bxf5 {[%clk 1:03:03]} 14. Nxf5
{[%clk 1:12:04]} Qd8 {[%clk 0:58:48]} 15. Be3 {[%clk 1:01:19]} g6
{[%clk 0:46:22]} 16. Nh4 {[%clk 0:57:21]} Bg7 {[%clk 0:44:02]} 17. O-O-O
{[%clk 0:54:41]} Qe7 {[%clk 0:39:11]} 18. g4 {[%clk 0:43:51]} Nd7
{[%clk 0:30:55]} 19. Ng2 {[%clk 0:38:04]} O-O-O {[%clk 0:28:50]} 20. Qxf7
{[%clk 0:35:22]} Qxf7 {[%clk 0:27:48]} 21. Bxf7 {[%clk 0:35:46]} Ne7
{[%clk 0:27:38]} 22. f4 {[%clk 0:27:22]} Rdf8 {[%clk 0:24:49]} 23. Be6
{[%clk 0:26:06]} exf4 {[%clk 0:18:06]} 24. Nxf4 {[%clk 0:25:36]} Be5
{[%clk 0:17:58]} 25. Rdf1 {[%clk 0:17:25]} Kd8 {[%clk 0:15:49]} 26. Bxd7
{[%clk 0:12:57]} Kxd7 {[%clk 0:16:12]} 27. d4 {[%clk 0:11:03]} Bxf4
{[%clk 0:15:07]} 28. Bxf4 {[%clk 0:11:03]} g5 {[%clk 0:15:07]} 29. Bg3
{[%clk 0:10:53]} Ng6 30. Kd2 Ke7 {[%clk 0:12:33]} 31. Rf5 {[%clk 0:06:19]} Rf7
{[%clk 0:11:20]} 32. Rhf1 {[%clk 0:05:11]} Rhf8 {[%clk 0:11:40]} 33. Rxf7+
{[%clk 0:05:36]} Rxf7 {[%clk 0:12:10]} 34. Rxf7+ {[%clk 0:05:36]} Kxf7
{[%clk 0:12:39]} 35. a4 {[%clk 0:04:36]} Ke6 36. d5+ {[%clk 0:02:49]} Kf6
{[%clk 0:11:27]} 37. Ke3 {[%clk 0:02:45]} b6 {[%clk 0:08:49]} 38. b4
{[%clk 0:01:38]} Nf8 {[%clk 0:08:06]} 39. c4 Nd7 {[%clk 0:07:25]} 40. Kd4
{[%clk 0:01:08]} a5 41. bxa5 {[%clk 0:01:26]} bxa5 {[%clk 0:06:03]} 42. Be1
{[%clk 0:01:41]} Nb6 {[%clk 0:05:30]} 43. Bxa5 {[%clk 0:02:06]} Nxa4
{[%clk 0:05:53]} 44. Bxc7 {[%clk 0:02:32]} Ke7 {[%clk 0:06:14]} 45. e5
{[%clk 0:02:48]} 1-0

[Event "PMPJ 2022 - D15"]
[Site "Jastrzebia Gora"]
[Date "2022.11.10"]
[Round "7.8"]
[White "Dura, Anna"]
[Black "Danek, Wiktoria"]
[Result "1/2-1/2"]
[BlackElo "1132"]
[WhiteElo "1190"]
[LiveChessVersion "1.4.8"]

1. c4 {[%clk 1:30:58]} Nf6 {[%clk 1:30:46]} 2. Nc3 {[%clk 1:31:17]} e6
{[%clk 1:30:49]} 3. d4 {[%clk 1:31:26]} Bb4 {[%clk 1:30:49]} 4. Bd2
{[%clk 1:30:10]} O-O {[%clk 1:30:28]} 5. Nf3 {[%clk 1:29:22]} d5 {[%clk 1:29:23]}
6. e3 {[%clk 1:29:08]} Nbd7 {[%clk 1:27:30]} 7. Bd3 {[%clk 1:26:50]} c5
{[%clk 1:17:49]} 8. cxd5 {[%clk 1:22:15]} Bxc3 {[%clk 1:07:12]} 9. Bxc3
{[%clk 1:18:53]} Nxd5 {[%clk 1:04:02]} 10. Qc2 {[%clk 1:15:37]} h6
{[%clk 0:53:07]} 11. Bd2 {[%clk 1:12:13]} cxd4 {[%clk 0:50:49]} 12. Nxd4
{[%clk 1:12:11]} N7f6 {[%clk 0:49:11]} 13. O-O {[%clk 1:08:00]} Re8
{[%clk 0:46:08]} 14. Ne2 {[%clk 1:02:29]} a6 {[%clk 0:39:44]} 15. Rfd1
{[%clk 0:57:39]} Qb6 {[%clk 0:36:39]} 16. Nc3 {[%clk 0:50:34]} Bd7
{[%clk 0:31:42]} 17. Nxd5 {[%clk 0:45:08]} Nxd5 {[%clk 0:32:09]} 18. b3
{[%clk 0:45:00]} Rac8 {[%clk 0:27:53]} 19. Qb2 {[%clk 0:42:20]} Bb5
{[%clk 0:25:27]} 20. Bxb5 {[%clk 0:39:46]} Qxb5 {[%clk 0:25:51]} 21. Rac1
{[%clk 0:37:09]} Red8 {[%clk 0:20:30]} 22. Bc3 {[%clk 0:35:23]} Nxc3
{[%clk 0:18:48]} 23. Rxd8+ {[%clk 0:35:24]} Rxd8 {[%clk 0:19:18]} 24. Qxc3
{[%clk 0:35:29]} Qe2 {[%clk 0:19:05]} 25. h3 {[%clk 0:31:33]} Rd2
{[%clk 0:17:11]} 26. Rf1 {[%clk 0:31:29]} Rc2 {[%clk 0:15:16]} 27. Qb4
{[%clk 0:29:56]} b5 {[%clk 0:15:11]} 28. a4 {[%clk 0:29:31]} Rb2 {[%clk 0:13:28]}
29. Qa5 {[%clk 0:28:46]} Rxb3 {[%clk 0:08:50]} 30. Qxa6 {[%clk 0:28:56]} Qb2
{[%clk 0:08:35]} 31. axb5 {[%clk 0:28:47]} Rxb5 {[%clk 0:08:54]} 1/2-1/2

[Event "PMPJ 2022 - D15"]
[Site "Jastrzebia Gora"]
[Date "2022.11.10"]
[Round "7.9"]
[White "Michalska, Anna-maria"]
[Black "Markowska, Kalina"]
[Result "1-0"]
[BlackElo "1246"]
[WhiteElo "1288"]
[LiveChessVersion "1.4.8"]

1. c4 {[%clk 1:30:58]} Nf6 {[%clk 1:25:13]} 2. Nc3 {[%clk 1:31:00]} g6
{[%clk 1:22:21]} 3. g3 {[%clk 1:30:46]} d5 {[%clk 1:19:44]} 4. cxd5
{[%clk 1:27:12]} Nxd5 {[%clk 1:19:52]} 5. Bg2 {[%clk 1:27:35]} Nb6
{[%clk 1:17:19]} 6. Nf3 {[%clk 1:23:41]} Bg7 {[%clk 1:17:32]} 7. d4
{[%clk 1:23:21]} Nc6 {[%clk 1:17:04]} 8. e3 {[%clk 1:23:15]} O-O {[%clk 1:17:01]}
9. O-O {[%clk 1:23:35]} e5 {[%clk 1:10:07]} 10. dxe5 {[%clk 1:14:12]} Nxe5
{[%clk 1:10:22]} 11. h3 {[%clk 1:08:36]} Nxf3+ {[%clk 1:02:33]} 12. Qxf3
{[%clk 1:08:38]} c6 {[%clk 1:02:42]} 13. Qe2 {[%clk 1:06:37]} Be6
{[%clk 1:01:31]} 14. Rd1 {[%clk 1:05:18]} Qe7 {[%clk 1:00:25]} 15. Qc2
{[%clk 0:59:16]} Rfd8 {[%clk 1:00:15]} 16. Bd2 {[%clk 0:57:50]} f5
{[%clk 0:54:36]} 17. Be1 {[%clk 0:55:53]} Rxd1 {[%clk 0:50:47]} 18. Nxd1
{[%clk 0:51:14]} Rd8 {[%clk 0:50:03]} 19. Ba5 {[%clk 0:50:59]} Bd5
{[%clk 0:42:55]} 20. Bxd5+ {[%clk 0:34:35]} Rxd5 {[%clk 0:43:03]} 21. Bxb6
{[%clk 0:34:51]} axb6 {[%clk 0:43:12]} 22. Qb3 {[%clk 0:34:24]} Kf8
{[%clk 0:41:00]} 23. a4 {[%clk 0:33:04]} Qd7 {[%clk 0:31:35]} 24. Nc3
{[%clk 0:31:38]} Bxc3 {[%clk 0:27:55]} 25. bxc3 {[%clk 0:31:56]} b5
{[%clk 0:27:10]} 26. axb5 {[%clk 0:31:36]} Rxb5 {[%clk 0:26:58]} 27. Ra8+
{[%clk 0:31:50]} Ke7 {[%clk 0:25:12]} 28. Qg8 {[%clk 0:18:28]} Rb1+
{[%clk 0:24:27]} 29. Kh2 {[%clk 0:18:40]} Rb2 {[%clk 0:13:45]} 30. Qf8+
{[%clk 0:18:48]} 1-0

[Event "PMPJ 2022 - D15"]
[Site "Jastrzebia Gora"]
[Date "2022.11.11"]
[Round "8.1"]
[White "Bauer, Maja"]
[Black "Krzysztynska, Maria"]
[Result "0-1"]
[BlackElo "1128"]
[WhiteElo "1300"]
[LiveChessVersion "1.4.8"]

1. e4 {[%clk 1:30:57]} e5 {[%clk 1:29:50]} 2. Nf3 {[%clk 1:31:11]} Nc6
{[%clk 1:28:39]} 3. Bc4 {[%clk 1:30:31]} Bc5 {[%clk 1:27:39]} 4. d3
{[%clk 1:30:14]} d6 {[%clk 1:25:54]} 5. c3 {[%clk 1:29:33]} Nf6 {[%clk 1:22:12]}
6. Nbd2 {[%clk 1:27:25]} h6 {[%clk 1:19:15]} 7. O-O {[%clk 1:25:03]} g5
{[%clk 1:11:45]} 8. Re1 {[%clk 1:14:37]} Bb6 {[%clk 1:01:54]} 9. Nf1
{[%clk 1:08:38]} g4 {[%clk 0:52:47]} 10. N3d2 {[%clk 0:38:50]} h5
{[%clk 0:47:19]} 11. Ne3 {[%clk 0:33:03]} h4 {[%clk 0:36:59]} 12. g3
{[%clk 0:21:05]} Nh5 {[%clk 0:22:41]} 13. Nxg4 {[%clk 0:13:02]} Qg5
{[%clk 0:21:29]} 14. h3 {[%clk 0:08:23]} hxg3 {[%clk 0:15:47]} 15. Kf1
{[%clk 0:05:11]} Nf4 {[%clk 0:12:26]} 16. Qf3 {[%clk 0:00:40]} g2+
{[%clk 0:11:40]} 17. Kg1 {[%clk 0:00:41]} Rxh3 {[%clk 0:11:50]} 18. Qxh3
{[%clk 0:00:32]} Nxh3+ {[%clk 0:10:55]} 19. Kh2 {[%clk 0:00:45]} Qxg4
{[%clk 0:10:49]} 20. Nf3 {[%clk 0:00:40]} Bxf2 {[%clk 0:10:26]} 21. Bf4
{[%clk 0:00:35]} Nxf4 {[%clk 0:10:20]} 22. Re2 {[%clk 0:00:39]} Qh3#
{[%clk 0:10:34]} 0-1